000 00791nas a2200253 4500
001 BR9507373
003 BR-BrBNA
005 20231205095422.0
007 ta
008 230509b bl.|||p| |||| 00| 00por d
040 _aBR-BrBNA
_bpor
_cBiblioteca Nacional de Agricultura
041 _a(Pt)
072 _aL73; L70
100 1 _aMagale, F.
245 1 _aContribuicao ao estudo do bocio congenito nos bezerros, no Estado de Minas Gerais
650 _aBovino
650 _aBocio
650 _aDiagnostico
650 _aVeterinaria
650 _aMinas Gerais
773 0 _tArquivos da Escola Superior de Veterinaria da Universidade Rural do Estado de Minas Gerais (Brazil)
_x
_g(1949), v. 2 p. 143-150
_wBR9507373
909 _a202311
_bLúcia
_c55
_dLúcia Elande
942 _2AGRIS
_n0
_cANA
999 _c150544
_d150544